| 000 | 00435nam a22001337a 4500 | ||
|---|---|---|---|
| 040 | _cNUST | ||
| 082 | _a220 PRO | ||
| 100 |
_aAfra Amjad Ahmad Daud Nimra Saeed Ummaima Nadeem _9130903 |
||
| 110 |
_aSupervisors: Asst Prof Kamran Aziz Bhatti _9130904 |
||
| 245 | _aPR-SOF-2560-AI-DRIVEN MODEL FOR LEUKEMIA DETECTION USING FPGA | ||
| 260 |
_aISLAMABAD: _bNUST COLLEGE OF EME, _c2025. |
||
| 650 |
_aDE-ELECT-43 _9130873 |
||
| 942 |
_2ddc _cBK |
||
| 999 |
_c615052 _d615052 |
||